Normal view
MARC view
- Farhan Azad, Syndicate -19
Entry Personal Name
001 - CONTROL NUMBER
- control field: 48142
003 - CONTROL NUMBER IDENTIFIER
- control field: NUST
005 - DATE AND TIME OF LATEST TRANSACTION
- control field: 20210314134001.0
008 - FIXED-LENGTH DATA ELEMENTS
- fixed length control field: 210314|| aca||aabn | a|a d
040 ## - CATALOGING SOURCE
- Original cataloging agency: NUST
- Transcribing agency: NUST
100 ## - HEADING--PERSONAL NAME
- Personal name: Farhan Azad, Syndicate -19
670 ## - SOURCE DATA FOUND
- Source citation: Work cat.: (NUST): Farhan Azad, Syndicate -19, The feasibility of use of stone mastic asphalt, 2007
